Catálogo

LEER Y COMPRENDER : (Registro nro. 56281)

Detalles MARC
000 -LEADER
fixed length control field 01105nam a2200241 a 4500
001 - CONTROL NUMBER
control field 56281
005 - DATE AND TIME OF LATEST TRANSACTION
control field 20180714051956.0
008 - FIXED-LENGTH DATA ELEMENTS--GENERAL INFORMATION
fixed length control field 140415s2003 mx 000 0 spa d
020 ## - INTERNATIONAL STANDARD BOOK NUMBER
International Standard Book Number 9682323584
041 ## - LANGUAGE CODE
Language code of text/sound track or separate title spa
082 ## - DEWEY DECIMAL CLASSIFICATION NUMBER
Classification number 372.414
Item number GOL
100 1# - MAIN ENTRY--PERSONAL NAME
Personal name GOLDER, CAROLINE
245 10 - TITLE STATEMENT
Title LEER Y COMPRENDER :
Remainder of title PSICOLOGIA DE LA LECTURA
250 ## - EDITION STATEMENT
Edition statement 2a ed.
260 ## - PUBLICATION, DISTRIBUTION, ETC.
Place of publication, distribution, etc. MEXICO :
Name of publisher, distributor, etc. SIGLO XXI EDITORES,
Date of publication, distribution, etc. 2003
300 ## - PHYSICAL DESCRIPTION
Extent 204
Dimensions 13.4 x 1.2 x 21
490 ## - SERIES STATEMENT
Series statement COLECCION LEA
520 ## - SUMMARY, ETC.
Summary, etc. LECTURA COMO PLACER O LECTURA COMO HERRAMIENTA, ¿ES NECESARIO ESCOGER? EL AGUSTO DE LEER ESTA ACOMPAÑADO DEL MANEJO DE LAS HERRAMIENTAS QUE PERMITEN DESCIFRAR LA ESCRITURA; Y ES MEDIANTE EL ENTRENAMIENTO COMO ESTAS HERRAMIENTAS SE OCULTAN Y LA LECTURA SE TRANSFORMA REALMENTE EN PLACER.
650 14 - SUBJECT ADDED ENTRY--TOPICAL TERM
Topical term or geographic name entry element APRENDIZAJE
General subdivision EDUCACION PRIMARIA
-- ESTUDIO
-- METODO
-- LECTURA
-- ESTUDIO Y ENSEANZA
-- METODOLOGIA EDUCATIVA
-- PROCESOS COGNOSCITIVOS
-- PSICOLOGIA EDUCATIVA
700 1# - ADDED ENTRY--PERSONAL NAME
Personal name SULE FERNANDEZ, TATIANA
Relator term tr.
740 ## - ADDED ENTRY--UNCONTROLLED RELATED/ANALYTICAL TITLE
Uncontrolled related/analytical title LIRE ET COMPRENDRE PSYCHOLOGIE DE LA LECTURE
700 1# - ADDED ENTRY--PERSONAL NAME
Personal name Gaonach, Daniel,
Relator term coaut.
Existencias
Withdrawn status Lost status Source of classification or shelving scheme Damaged status Not for loan Collection code Home library Current library Shelving location Date acquired Source of acquisition Inventory number Total Checkouts Total Renewals Full call number Barcode Date last seen Date last checked out Price effective from Koha item type
    Dewey Decimal Classification     General Biblioteca Karol Wojtyla Biblioteca Karol Wojtyla Sala general 03/12/2013 Compra 151000000000000000072001 7 2 372.414 GOL 84873 19/01/2026 24/08/2024 03/12/2013 Libro